Ibarreta, correrías por la América del Sur : (Record no. 145099)

MARC details
000 -LEADER
campo de control de longitud fija 00780nam a2200205 i 4500
001 - NÚMERO DE CONTROL
campo de control 145099
003 - IDENTIFICADOR DE NÚMERO DE CONTROL
campo de control ES-MaACL
005 - FECHA Y HORA DE LA ÚLTIMA TRANSACCIÓN
campo de control 20251003200052.0
007 - CAMPO FIJO DE DESCRIPCIÓN FÍSICA--INFORMACIÓN GENERAL
campo de control de longitud fija t|
008 - DATOS DE LONGITUD FIJA--INFORMACIÓN GENERAL
campo de control de longitud fija 070214s1912 sp r ||||1| spa d
080 ## - NÚMERO DE LA CLASIFICACIÓN DECIMAL UNIVERSAL
Número de la Clasificación Decimal Universal 929 Ibarreta, Enrique de
100 1# - ENTRADA PRINCIPAL--NOMBRE DE PERSONA
Nombre de persona Somonte, Miguel D.
9 (RLIN) 107279
245 10 - MENCIÓN DEL TÍTULO
Título Ibarreta, correrías por la América del Sur :
Resto del título exploración del río Pilcomayo en Bolivia y Paraguay : exterminio de la expedición /
Mención de responsabilidad, etc. Miguel D. Somonte.
260 ## - PUBLICACIÓN, DISTRIBUCIÓN, ETC.
Lugar de publicación, distribución, etc. San Esteban de Pravia :
Nombre del editor, distribuidor, etc. [s. n.],
Fecha de publicación, distribución, etc. 1912 (
Fabricante Imp. José Pueyo)
300 ## - DESCRIPCIÓN FÍSICA
Extensión 174 p. ;
Dimensiones 19 x 12 cm.
600 14 - PUNTO DE ACCESO ADICIONAL DE MATERIA--NOMBRE DE PERSONA
Nombre de persona Ibarreta, Enrique de,
Fechas asociadas al nombre 1859-1898
9 (RLIN) 174379
651 #4 - PUNTO DE ACCESO ADICIONAL DE MATERIA--NOMBRE GEOGRÁFICO
Nombre geográfico América del Sur-
Subdivisión general Descubrimientos y exploraciones-
-- Españoles.
9 (RLIN) 158619
852 4# - LOCALIZACIÓN
Ubicación ES-MaACL
Número de control de estantería A-3206
Holdings
Estatus retirado Estado de pérdida Estado de daño No para préstamo Biblioteca de origen Biblioteca actual Ubicación en estantería Fecha de adquisición Fuente de adquisición Total de préstamos Signatura topográfica completa Código de barras Visto por última vez Precio de reemplazo Tipo de ítem Koha
        Biblioteca del Ateneo de Madrid Biblioteca del Ateneo de Madrid Sala Pecera Planta 1 17/01/2008     A-3206 1151462 23/02/2023 23/02/2023 Libro impreso